000 00316nam a22001457a 4500
008 221111b ||||| |||| 00| 0 eng d
020 _a9780822956945
041 _aeng
080 _a521
082 _a521 EAR
100 _a19.1
101 _aASTR
245 _aTHE COSMOS OF SCIENCE
_cEARMAN J
942 _2udc
_cBK
999 _c58867
_d58867